[Event "SLO-chT2 West"]
[Site "Kranj"]
[Date "2008.10.12"]
[Round "4.3"]
[White "Kozarski, Lara"]
[Black "Robba, Mirko"]
[Result "1-0"]
[WhiteElo "1714"]
[BlackElo "1500"]
[PlyCount "61"]
[EventDate "2008.10.11"]
[EventType "team-swiss"]
[EventRounds "9"]
[EventCountry "SLO"]
[SourceTitle "EXT 2010"]
[Source "ChessBase"]
[SourceDate "2010.11.25"]
[SourceVersion "1"]
[SourceVersionDate "2010.11.25"]
[SourceQuality "1"]
[WhiteTeam "Komenda Popotnik"]
[BlackTeam "Kranj Tomo Zupan"]
[WhiteTeamCountry "SLO"]
[BlackTeamCountry "SLO"]

1. e4 d5 2. exd5 Qxd5 3. Nc3 Qa5 4. d4 c6 5. Nf3 Bf5 6. Bc4 e6 7. Bd2 Qc7 8. Bb3 Nd7 9. Qe2 0-0-0 10. 0-0-0 Ngf6 11. Bg5 Bd6 12. h3 Bf4+ 13. Kb1 h6 14. Bxf4 Qxf4 15. Rhe1 Nd5 16. Nxd5 exd5 17. Qd2 Qc7 18. Re7 Be6 19. Qb4 c5 20. dxc5 Qxc5 21. Qxc5+ Nxc5 22. Nd4 Rhe8 23. Rxe8 Rxe8 24. Nb5 Kb8 25. Kc1 Nxb3+ 26. axb3 Rc8 27. Nd4 a6 28. Re1 Bd7 29. Re7 Be8 30. Nf5 g6 31. Nd6 1-0

[Event "SLO-chT2 West"]
[Site "Kranj"]
[Date "2008.10.12"]
[Round "3.4"]
[White "Sorl, Simon"]
[Black "Robba, Mirko"]
[Result "1-0"]
[WhiteElo "1784"]
[BlackElo "1500"]
[PlyCount "41"]
[EventDate "2008.10.11"]
[EventType "team-swiss"]
[EventRounds "9"]
[EventCountry "SLO"]
[SourceTitle "EXT 2010"]
[Source "ChessBase"]
[SourceDate "2010.11.25"]
[SourceVersion "1"]
[SourceVersionDate "2010.11.25"]
[SourceQuality "1"]
[WhiteTeam "Gorenjka Lesce"]
[BlackTeam "Kranj Tomo Zupan"]
[WhiteTeamCountry "SLO"]
[BlackTeamCountry "SLO"]

1. Nf3 d5 2. d4 Nc6 3. g3 Bf5 4. Bg2 e6 5. 0-0 h6 6. a3 Bd6 7. Nbd2 Nf6 8. c4 b6 9. b4 Ne4 10. Bb2 Qf6 11. Qa4 Kd7 12. cxd5 exd5 13. Rac1 Nc5 14. dxc5 Qxb2 15. cxd6 cxd6 16. Qxc6+ Ke7 17. Qc3 Qxc3 18. Rxc3 g5 19. Rc7+ Ke6 20. Nd4+ Ke5 21. Nxf5 1-0

[Event "Kranj op 2nd"]
[Site "Kranj"]
[Date "2005.07.05"]
[Round "9"]
[White "Pecnik, Primoz"]
[Black "Robba, Mirko"]
[Result "1-0"]
[WhiteElo "1649"]
[BlackElo "1500"]
[PlyCount "55"]
[EventDate "2005.06.??"]
[EventType "swiss"]
[EventRounds "9"]
[EventCountry "SLO"]
[SourceTitle "EXT 2006"]
[Source "ChessBase"]
[SourceDate "2005.11.24"]
[SourceVersion "1"]
[SourceVersionDate "2005.11.24"]
[SourceQuality "1"]

1. e4 e5 2. f4 exf4 3. Nf3 Be7 4. Bc4 Bh4+ 5. Kf1 d6 6. d4 Bf6 7. Bxf4 Ne7 8. c3 0-0 9. Nbd2 Ng6 10. Bg3 Re8 11. Qb3 Re7 12. Re1 Nc6 13. Qc2 Qe8 14. h4 h5 15. e5 dxe5 16. Qxg6 Be6 17. Bxe6 Rxe6 18. Qxh5 e4 19. Ng5 Bxg5 20. hxg5 Kf8 21. Qh8+ Ke7 22. Qxe8+ Rxe8 23. d5 Rg6 24. dxc6 bxc6 25. Rxe4+ Kd7 26. Rxe8 Kxe8 27. Nf3 Kd7 28. Ne5+ 1-0

[Event "Kranj op 2nd"]
[Site "Kranj"]
[Date "2005.07.02"]
[Round "6"]
[White "Snoj, Luka"]
[Black "Robba, Mirko"]
[Result "1-0"]
[WhiteElo "1566"]
[BlackElo "1500"]
[PlyCount "97"]
[EventDate "2005.06.??"]
[EventType "swiss"]
[EventRounds "9"]
[EventCountry "SLO"]
[SourceTitle "EXT 2006"]
[Source "ChessBase"]
[SourceDate "2005.11.24"]
[SourceVersion "1"]
[SourceVersionDate "2005.11.24"]
[SourceQuality "1"]

1. c4 e5 2. Nc3 Nf6 3. d3 d5 4. cxd5 Nxd5 5. Qb3 Nxc3 6. bxc3 Nc6 7. g3 b6 8. Bg2 Bb7 9. Ba3 Bxa3 10. Qxa3 Qf6 11. Rc1 0-0-0 12. Nf3 Rhe8 13. Nd2 Na5 14. Bxb7+ Nxb7 15. Qxa7 Qc6 16. Rg1 Na5 17. Nb3 Qb5 18. Nxa5 Qxa5 19. Qxa5 bxa5 20. Rc2 Re6 21. Rb2 g6 22. Rb5 f6 23. Rxa5 Rb6 24. Ra8+ Kd7 25. Rxd8+ Kxd8 26. Kd2 Rb2+ 27. Ke3 Rxa2 28. Rb1 Kd7 29. Rb8 f5 30. Rh8 h5 31. Rg8 Ra6 32. f4 exf4+ 33. Kxf4 Ke7 34. Rg7+ Kf6 35. Rxc7 Ra2 36. Rc6+ Kf7 37. Kf3 Kg7 38. c4 Kh6 39. Re6 Ra1 40. h4 Rf1+ 41. Kg2 Rc1 42. Re7 Rc2 43. Kf2 Rc1 44. Rc7 Rh1 45. c5 g5 46. Rc6+ Kg7 47. hxg5 h4 48. gxh4 Rxh4 49. Rf6 1-0